000 00318nam a22001457a 4500
008 210526b ||||| |||| 00| 0 eng d
020 _a9781269695305
041 _aeng
080 _a338
082 _a338
100 _a53
101 _aMEN
245 _aPearson Custom Library
_cSteven R. Kursh
942 _2udc
_cBK
999 _c57660
_d57660